Statistics for Patrick Mahomes Quiz!

Click here to take the quiz!

General Stats

  • This quiz has been taken 1,300 times
  • The average score is 12 of 20

Answer Stats

HintAnswer% Correct
1What city does Mahomes play for?Kansas City
97%
3What team does Mahomes play for?Chiefs
96%
6What year was he drafted?2017
86%
2What state does he play in?Missouri
84%
14What state did he grow up in?Texas
83%
7With what pick was he taken in the draft?10th
78%
5What college did Mahomes attend?Texas Tech
78%
10Which QB did he back up for the 2017-18 season?Alex Smith
74%
12What coach drafted him?Andy Reid
74%
15What other sport could he have pursued professionally?Baseball
72%
18During his MVP year, how many regular season TDs did Mahomes throw for?50
59%
9Which QB was taken before him?Mitchell Trubisky
52%
4What name is on the back of his jersey?Mahomes II
51%
17Who started at QB for that team?Baker Mayfield
40%
16Against what team did Mahomes set the NCAA record for yards in a game?Oklahoma
40%
8Which team originally owned this pick?Buffalo Bills
31%
11What coach did he play for in college?Kliff Kingsbury
28%
13What city did Mahomes grow up in?Tyler
24%
19After admitting his love for ketchup, which company endorsed him?Hunt's
20%
20Strange food Mahomes says he puts ketchup onMacaroni and Cheese
10%

Score Distribution

Percentile by Number Answered

Percent of People with Each Score

Your Score History

You have not taken this quiz